| 000 | 00894nam a22002655a 4500 | ||
|---|---|---|---|
| 005 | 20160314101109.0 | ||
| 008 | 160313s2011 ii a frbd 001 0 eng d | ||
| 020 | _a9789350250778 | ||
| 040 |
_aEG-ScBUE _beng _cEG-ScBUE |
||
| 082 | 0 | 4 |
_a617.6342 _bGAR _222 |
| 100 | 1 |
_aGarg, Nisha, _d1977- _932538 |
|
| 245 | 1 | 0 |
_aTextbook of priclinical conservative dentistry / _cNisha Garg, Amit Garg ; foreword by S. Ramachandran. |
| 250 | _a1st ed. | ||
| 260 |
_aNew Delhi : _bJaypee Brothers Medical Publishers (P) LTD., _c2011. |
||
| 300 |
_a314 p. : _bill. ; _c28 cm. |
||
| 500 | _aIndex : p. [309]-314. | ||
| 500 | _aIncludes glossary. | ||
| 504 | _aIncludes bibliographical references. | ||
| 650 | 7 |
_aEndodontics. _2BUEsh _932092 |
|
| 651 | _2BUEsh | ||
| 653 |
_bDDent _cMarch2016 |
||
| 700 | 1 |
_aRamachandran, S., _eauthor of introduction, etc. |
|
| 700 | 1 |
_aGarg, Amit. _932541 |
|
| 942 | _2ddc | ||
| 999 |
_c21393 _d21365 |
||